| Tag |
First Indicator |
Second Indicator |
Subfields |
| LEADER |
00000cgm a2200000Mi 4500 |
| 001 |
in00005510521 |
| 006 |
m o c |
| 007 |
vz |za||| |
| 007 |
cr |za|||||||| |
| 008 |
200123s2020 enk--- f o vleng d |
| 005 |
20241105202626.9 |
| 035 |
|
|
|a (OCoLC)on1146775691
|
| 040 |
|
|
|a SGPBL
|b eng
|e rda
|e pn
|c SGPBL
|d OCLCO
|d OCLCF
|d OCLCO
|
| 020 |
|
|
|a 9781529723731
|q (streaming video)
|
| 020 |
|
|
|a 1529723736
|
| 035 |
|
|
|a (OCoLC)1146775691
|
| 041 |
0 |
|
|j eng
|
| 050 |
|
4 |
|a HF5385
|b .R65 2020
|
| 082 |
0 |
4 |
|a 658.3124
|
| 049 |
|
|
|a TXAM
|
| 245 |
0 |
4 |
|a The role and power of mentoring.
|
| 264 |
|
1 |
|a London :
|b SAGE Publications Ltd,
|c 2020.
|
| 300 |
|
|
|a 1 online resource (1 video file (00:04:44)) :
|b sound, colour
|
| 336 |
|
|
|a two-dimensional moving image
|b tdi
|2 rdacontent
|
| 337 |
|
|
|a computer
|b c
|2 rdamedia
|
| 337 |
|
|
|a video
|b v
|2 rdamedia
|
| 338 |
|
|
|a online resource
|b cr
|2 rdacarrier
|
| 511 |
0 |
|
|a Speaker, Tim Tobin.
|
| 520 |
8 |
|
|a Tim Tobin discusses the beneficial role of mentoring in leadership development, including formal and informal mentoring, and the role of the mentor and of the mentee.
|
| 546 |
|
|
|a Closed-captions in English.
|
| 588 |
|
|
|a Description based on XML content.
|
| 650 |
|
0 |
|a Mentoring in business.
|
| 650 |
|
0 |
|a Leadership.
|
| 650 |
|
2 |
|a Leadership
|
| 650 |
|
6 |
|a Mentorat dans les affaires.
|
| 650 |
|
6 |
|a Leadership.
|
| 650 |
|
7 |
|a Leadership.
|2 fast
|0 (OCoLC)fst00994701
|
| 650 |
|
7 |
|a Mentoring in business.
|2 fast
|0 (OCoLC)fst01016855
|
| 700 |
1 |
|
|a Tobin, Timothy J.,
|e Speaker.
|
| 856 |
4 |
0 |
|u http://proxy.library.tamu.edu/login?url=https://sk.sagepub.com/video/the-role-and-power-of-mentoring
|z Connect to this streaming video
|t 0
|
| 955 |
|
|
|a SAGE Knowledge Video Leadership
|
| 994 |
|
|
|a 92
|b TXA
|
| 999 |
f |
f |
|s 610f098f-a752-44d3-b341-3b87a1b34d53
|i 7bc73bd9-498c-4585-b117-67f74e17728a
|t 0
|
| 952 |
f |
f |
|a Texas A&M University
|b College Station
|c Electronic Resources
|d Available Online
|t 0
|e HF5385 .R65 2020
|h Library of Congress classification
|
| 998 |
f |
f |
|a HF5385 .R65 2020
|t 0
|l Available Online
|